| 000 | 00413 a2200145 4500 | ||
|---|---|---|---|
| 003 | Nust | ||
| 005 | 20170207154039.0 | ||
| 040 | _cNust | ||
| 100 | _aPecherková, Pavla | ||
| 245 |
_a Advances in Robotics Automation and Control (E-BOOK) _cPavla Pecherková, Miroslav Flídr and Jindřich Duník |
||
| 260 |
_aIndia _bIn-teh _c2008 |
||
| 300 | _aix,494p | ||
| 650 | _aRobotics, Automation and Control | ||
| 651 | _aE-BOOK | ||
| 942 |
_2ddc _cBK |
||
| 999 |
_c192531 _d192531 |
||